| 000 | 00613nam a2200181Ia 4500 | ||
|---|---|---|---|
| 008 | 220216s9999 xx 000 0 und d | ||
| 100 | _aRajeevan B | ||
| 245 | 0 | _aFarm school- the extension tool to increase productivity through improving the rubber tapping system | |
| 260 | _bPLACROSYM XIX, 7-10 December 2010, Kottayam. Climate Change. 19th Biennial Symposium on Plantation Crops. Abstracts.pp.201-203. | ||
| 650 | _aFarm school | ||
| 650 | _aHarvesting technique | ||
| 650 | _aTapper | ||
| 650 | _aTapping standard | ||
| 650 | _aYield | ||
| 700 | _aAnitha Devi L | ||
| 700 | _aNair R B | ||
| 942 | _cJS | ||
| 999 |
_c59287 _d59287 |
||